Normandie - Statistiques

Statistiques générales
  • Ce quiz a été pris 67 fois
  • Le résultat moyen est 8 sur 15
Statistiques - réponses
Hint Réponse % Correct
Combien de départements il y a-t-il en Normandie ? 5
100%
Quelle est la cité de Guillaume Le Conquérant ? Caen
90%
Quelle est la capitale normande ? Rouen
90%
Située dans quel département ? Calvados
85%
Quelle commune a un nom lié à ses falaises Etretat
75%
Quelle est la plage du débarquement la plus connue ? Omaha
69%
Dans quelle ville se déroule le célèbre festival américain ? Deauville
64%
Quelle ville manchoise a été considérablement détruite pendant le Seconde Guerre Mondiale ? Saint-Lo
54%
Quel est l'animal symbole de la région ? Léopard
44%
Les ancêtres de ce pionnier de l'animation américain, créateur de Mickey, sont originaire d'Isigny, ville que l'on retrouve en partie dans son nom de Famille Walt Disney
38%
Quel célèbre haras est le premier du territoire national, située dans l'Orne Haras du Pin
28%
Quel chef viking a été duc de Normandie ? Rollon
25%
Quelle est le nom de la côte qui s'étend de Asnelles à Ouistreham dans le Calvados ? Côte de Nacre
15%
Quel jardins a inspiré les peintures de Claude Monnet Jardins de Giverny
10%
Combien d'habitants totalise la région ? 3 327 000
2%
Aucun quiz correspondant
Distribution des résultats
% des personnes avec chaque résultat
Percentile par nombre de réponses
Votre historique - résultats
Vous n’avez pas pris ce quiz